Władcy Polski 966-2021 - Statystyki

Ogólne statystyki
  • Ten quiz został rozwiązany 705 razy
  • Średni wynik to 40 z 89
Statystyki odpowiedzi
Lata panowania Tytuł Władca % Poprawnych
960 – 992 Książę Mieszko I
99%
992 – 1025 Król Bolesław I Chrobry
97%
1333 – 1370 Król Kazimierz III Wielki
76%
1386 – 1434 Król Władysław II Jagiełło
73%
2010 – Prezydent Andrzej Duda
72%
1034 – 1058 Książę Kazimierz I Odnowiciel
72%
1025 – 1031 Król Mieszko II Lambert
72%
1032–1034 Książę Mieszko II Lambert
72%
1107–1138 Książę Bolesław III Krzywousty
69%
2005 – 2010 Prezydent Lech Kaczyński
68%
1990 – 1995 Prezydent Lech Wałęsa
68%
1764 – 1795 Król Stanisław August Poniatowski
68%
2010 – 2015 Prezydent Bronisław Komorowski
66%
1289 Książę Władysław I Łokietek
66%
1306 – 1320 Książę Władysław I Łokietek
66%
1320 – 1333 Król Władysław I Łokietek
66%
1995 – 2005 Prezydent Aleksander Kwaśniewski
64%
1031 – 1032 Książę Bezprym
63%
1985 – 1990 Przew. R.P.Prezydent Wojciech Jaruzelski
61%
1674 – 1696 Król Jan III Sobieski
60%
1918 – 1922 NaczelnikPaństwa Józef Piłsudski
60%
1058 – 1079 Król Bolesław II Szczodry
57%
1922 Prezydent Gabriel Narutowicz
56%
1576 – 1586 Król Stefan I Batory
56%
1548 – 1572 Król Zygmunt II August
56%
1573 – 1575 Król Henryk I Walezy
54%
1384 – 1399 Król Jadwiga I Andegaweńska
54%
1447 – 1492 Król Kazimierz IV Jagiellończyk
52%
1079 – 1102 Książę Władysław I Herman
52%
1587 – 1632 Król Zygmunt III Waza
52%
1807 –1815 Książę warszawski Fryderyk I August
51%
1733 – 1763 Król August III Sas
50%
1926 – 1939 Prezydent Ignacy Mościcki
50%
1434 – 1444 Król Władysław III Warneńczyk
50%
1944 – 1952 Prezydent Bolesław Bierut
49%
1501 – 1506 Król Aleksander I Jagiellończyk
48%
1575 – 1586 Królowa Anna Jagiellonka
48%
1290 – 1291 Książę Przemysł II
48%
1295 – 1296 Król Przemysł II
48%
1669 – 1673 Król Michał Korybut Wiśniowiecki
47%
1704 – 1709 Król Stanisław I Leszczyński
47%
1733 – 1736 Król Stanisław I Leszczyński
47%
1697 – 1704 Król August II Mocny
46%
1709 – 1733 Król August II Mocny
46%
1291 – 1305 Król Wacław II
46%
1506 – 1548 Król Zygmunt I Stary
46%
1492 – 1501 Król Jan I Olbracht
45%
1194 – 1198 Książę Leszek I Biały
44%
1206 – 1210 Książę Leszek I Biały
44%
1211 – 1225 Książę Leszek I Biały
44%
1225 – 1227 Książę Leszek I Biały
44%
1138 – 1146 Książę Władysław II Wygnaniec
43%
1305 – 1306 Króltytularny Wacław III
41%
1825 – 1855 Króltytularny Mikołaj I Pawłowicz
40%
1632 – 1648 Król Władysław IV Waza
40%
1102 – 1107 Książę Zbigniew
40%
1279 – 1288 Książę Leszek II Czarny
39%
Król / Książe Książę Mieszko III Stary
39%
1191 Książę Mieszko III Stary
39%
1199 – 1202 Książę Mieszko III Stary
39%
1894 – 1917 Króltytularny Mikołaj II Aleksandrowicz
38%
1815 – 1825 Król tytularny Aleksander I Pawłowicz
37%
1922 – 1926 Prezydent Stanisław Wojciechowski
37%
1855 – 1881 Króltytularny Aleksander II Mikołajewicz
33%
1146 – 1173 Książę Bolesław IV Kędzierzawy
32%
1177 – 1191 Książę Kazimierz II Sprawiedliwy
32%
1191 – 1194 Książę Kazimierz II Sprawiedliwy
32%
1370 – 1382 Król Ludwik I Węgierski
32%
1202 – 1206 Książę Władysław III Laskonogi
31%
1228 – 1229 Książę Władysław III Laskonogi
31%
1238 – 1241 Książę Henryk II Pobożny
30%
1648 – 1668 Król Jan II Kazimierz Waza
29%
1881 – 1894 Króltytularny Aleksander III Aleksandrowicz
28%
1225 Książę Henryk I Brodaty
28%
1232 – 1238 Książę Henryk I Brodaty
28%
1210 – 1211 Książę Mieszko IV Plątonogi
23%
1243 – 1279 Książę Bolesław V Wstydliwy
22%
1229 – 1232 Książę Konrad I Mazowiecki
20%
1241 – 1243 Książę Konrad I Mazowiecki
20%
1964 – 1968 PrzewodniczącyRady Państwa Edward Ochab
18%
1970 – 1972 PrzewodniczącyRady Państwa Józef Cyrankiewicz
18%
1241 Książę Bolesław II Rogatka
14%
1288 – 1289 Książę Henryk IV Prawy
13%
1289 – 1290 Książę Henryk IV Prawy
13%
1972 – 1985 PrzewodniczącyRady Państwa Henryk Jabłoński
9%
1952 – 1964 PrzewodniczącyRady Państwa Aleksander Zawadzki
7%
1288 Książę Bolesław II mazowiecki
6%
1289 Książę Bolesław II mazowiecki
6%
1968 – 1970 PrzewodniczącyRady Państwa Marian Spychalski
6%
Nie znaleziono quizów pasujących do podanych kryteriów
Rozkład punktacji
Procent ludzi z każdym wynikiem
Percentyl według liczby udzielonych odpowiedzi
Twoja historia wyników
Nie rozwiązałeś tego quizu